Países menos adivinados por continente - Estadísticas

Estadísticas generales
  • Esta prueba ha sido intentada 12.220 veces
  • La puntuación promedio es 5 de 6
Estadísticas de respuestas
Continente Países % Correcto
América del Sur Surinam | Guyana | Ecuador
92%
Europa Liechtenstein | San Marino | Kosovo
89%
Oceanía Nauru | Vanuatu | Palaos
77%
América del Norte
San Cristóbal y Nieves | San Vicente y las
Granadinas | Granada
73%
Asia Timor Oriental | Brunéi | Baréin
71%
África Comoras | Yibuti | Santo Tomé y Príncipe
70%
No se encontraron pruebas coincidentes
Distribución de puntuación
Porcentaje de gente con cada puntuación
Porcentaje por número respondido
Historial de tus puntuaciones
No has intentado esta prueba.